[Event "Porz - Neukoelln"]
[Site "BL 0203"]
[Date "2003.01.11"]
[Round "8.2"]
[White "Sokolov, Ivan"]
[Black "Slobodjan, Roman"]
[Result "1-0"]
[BlackElo "2521"]
[EventDate "2003.01.11"]
[PlyCount "71"]
[WhiteElo "2677"]

1. d4 Nf6 2. c4 e6 3. Nc3 Bb4 4. Qc2 b6 5. e4 Bb7 6. Bd3 c5 7. d5 d6 8. Ne2 Nbd7 9. a3 Bxc3+ 10. Nxc3 Ne5 11. Be2 Ng6 12. f4 O-O 13. h4 Re8 14. h5 Nf8 15. h6 g6 16. O-O N6d7 17. Nb5 Qb8 18. dxe6 Rxe6 19. Bd3 Re7 20. f5 Ne5 21. Bg5 Re8 22. Rad1 a6 23. Nc3 Nfd7 24. fxg6 hxg6 25. Qf2 Kh7 26. Be2 Bc6 27. Bg4 Ra7 28. Bxd7 Rxd7 29. Qf6 Rg8 30. Qxe5 dxe5 31. Rxd7 Rf8 32. Rfxf7+ Rxf7 33. Rxf7+ Kg8 34. Rg7+ Kh8 35. Nd5 Qd6 36. Nf6  1-0

[Event "Porz - Neukoelln"]
[Site "BL 0203"]
[Date "2003.01.11"]
[Round "8.5"]
[White "Borriss, Martin Dr"]
[Black "Gurevich, Mikhail"]
[Result "0-1"]
[BlackElo "2649"]
[EventDate "2003.01.11"]
[PlyCount "80"]
[WhiteElo "2439"]

1. e4 d6 2. d4 Nf6 3. Nc3 g6 4. f4 Bg7 5. Nf3 c5 6. Bb5+ Bd7 7. e5 Ng4 8. e6 Bxb5 9. exf7+ Kd7 10. Nxb5 Qa5+ 11. Nc3 cxd4 12. Nxd4 h5 13. Qf3 Nc6 14. Ne2 Raf8 15. h3 Nh6 16. Be3 Nf5 17. Bf2 Rxf7 18. O-O Qa6 19. a4 Rc8 20. Nb5 Bxb2 21. Rab1 Bg7 22. Nxa7 Nxa7 23. Qxb7+ Qxb7 24. Rxb7+ Ke8 25. Rxa7 e6 26. Rxf7 Kxf7 27. c3 Ra8 28. Ra1 Ne7 29. a5 Ra6 30. Ra3 Bf6 31. c4 Nc6 32. Bb6 Ke8 33. Rg3 Nxa5 34. Bxa5 Rxa5 35. Rxg6 Kf7 36. Rg3 Ra2 37. Kf1 Ra1+ 38. Kf2 Bh4 39. Kf3 Ra3+ 40. Kf2 Rd3  0-1

[Event "Tegernsee - Bremen"]
[Site "BL 0203"]
[Date "2003.01.11"]
[Round "8.1"]
[White "Babula, Vlastimil"]
[Black "Khenkin, Igor"]
[Result "1/2-1/2"]
[BlackElo "2624"]
[EventDate "2003.01.11"]
[PlyCount "35"]
[WhiteElo "2581"]

1. d4 d5 2. c4 e6 3. Nc3 c6 4. e4 dxe4 5. Nxe4 Bb4+ 6. Nc3 c5 7. a3 Ba5 8. Nf3 Nf6 9. Be2 cxd4 10. Nxd4 Ne4 11. Nb5 Qxd1+ 12. Bxd1 Nxc3 13. Nxc3 Bxc3+ 14. bxc3 Bd7 15. a4 Bc6 16. O-O Nd7 17. a5 a6 18. Ba3  1/2-1/2

[Event "Forchheim - Emsdetten"]
[Site "BL 0203"]
[Date "2003.01.11"]
[Round "8.2"]
[White "Jansa, Vlastimil"]
[Black "Berelovich, Alexander"]
[Result "1-0"]
[BlackElo "2546"]
[EventDate "2003.01.11"]
[PlyCount "117"]
[WhiteElo "2504"]

1. e4 e6 2. d4 d5 3. Nd2 c5 4. Ngf3 Nc6 5. exd5 exd5 6. Bb5 Bd6 7. dxc5 Bxc5 8. O-O Ne7 9. Nb3 Bb6 10. Re1 O-O 11. Be3 Bg4 12. Bxb6 Qxb6 13. Bxc6 Nxc6 14. Qxd5 Nb4 15. Qe4 Bxf3 16. gxf3 a5 17. Rad1 a4 18. Nc1 Ra5 19. f4 Na6 20. Nd3 Nc5 21. Nxc5 Qxc5 22. Re3 g6 23. Rd7 Rb5 24. b3 axb3 25. axb3 Qh5 26. h3 b6 27. c4 Ra5 28. Kg2 Qh4 29. Rd5 Ra2 30. Rf3 Qf6 31. Qe5 Qc6 32. f5 Re8 33. Qd6 Qxd6 34. Rxd6 b5 35. cxb5 Ra5 36. fxg6 hxg6 37. b6 Re7 38. Rc3 Rg5+ 39. Kf1 Rb5 40. Rc7 Re4 41. b7 Kg7 42. Rd3 Rf4 43. Kg2 Rf6 44. Rf3 Rb4 45. Rxf6 Kxf6 46. Kf3 Ke6 47. Ke3 Rxb3+ 48. Kd4 Kd6 49. Rxf7 Rb4+ 50. Kc3 Rb1 51. f4 Kd5 52. h4 Ke6 53. Rh7 Kd6 54. Kc4 Kc6 55. Rf7 Rb2 56. Kd4 Rb5 57. f5 gxf5 58. h5 Rb4+ 59. Kc3  1-0

[Event "Wattenscheid - Hamburg"]
[Site "BL 0203"]
[Date "2003.01.12"]
[Round "9.7"]
[White "Heinemann, Thies"]
[Black "Straeter, Timo"]
[Result "1/2-1/2"]
[BlackElo "2329"]
[EventDate "2003.01.12"]
[PlyCount "68"]
[WhiteElo "2437"]

1. e4 e5 2. Nf3 Nc6 3. Nc3 d6 4. d4 Bg4 5. Bb5 exd4 6. Qxd4 Ne7 7. Qe3 Ng6 8. Bd2 Be7 9. Nd4 Bd7 10. Nd5 O-O 11. Bxc6 bxc6 12. Nxe7+ Qxe7 13. O-O Rfe8 14. Rfe1 c5 15. Nb3 f5 16. exf5 Qxe3 17. Rxe3 Rxe3 18. fxe3 Bxf5 19. Ba5 Rc8 20. c4 Ne5 21. Nd2 Be6 22. b3 Nc6 23. Bc3 a5 24. e4 a4 25. Rb1 Ra8 26. bxa4 Rxa4 27. Rb7 Rxa2 28. Rxc7 Nd4 29. Kf1 Rc2 30. Bxd4 Rxd2 31. Bxg7 Bxc4+ 32. Kg1 Re2 33. e5 dxe5 34. Rxc5 Kxg7  1/2-1/2

[Event "Kreuzberg - Porz"]
[Site "BL 0203"]
[Date "2003.01.12"]
[Round "9.4"]
[White "Lau, Ralf"]
[Black "Vaganian, Rafael A"]
[Result "1/2-1/2"]
[BlackElo "2664"]
[EventDate "2003.01.12"]
[PlyCount "79"]
[WhiteElo "2491"]

1. e4 e6 2. d4 d5 3. Nd2 c5 4. exd5 exd5 5. Ngf3 Nc6 6. Bb5 Bd6 7. dxc5 Bxc5 8. O-O Ne7 9. Nb3 Bd6 10. Re1 O-O 11. c3 h6 12. h3 Nf5 13. Bd3 Qf6 14. Bc2 Rd8 15. Qd3 g6 16. Bd2 Bf8 17. Rad1 a5 18. a4 b6 19. Qf1 d4 20. Nfxd4 Nfxd4 21. Nxd4 Nxd4 22. cxd4 Ba6 23. Bd3 Bxd3 24. Qxd3 Qxd4 25. Qb3 Bc5 26. Be3 Qf6 27. Bxc5 bxc5 28. Qc3 Qxc3 29. bxc3 Kg7 30. Rxd8 Rxd8 31. Re5 Rd1+ 32. Kh2 Ra1 33. Rxc5 Rxa4 34. Rc6 Kf8 35. Rc7 Re4 36. Rc5 a4 37. Kg3 f6 38. Ra5 Rc4 39. f3 h5 40. Kf2  1/2-1/2

[Event "Emsdetten - Tegernsee"]
[Site "BL 0203"]
[Date "2003.01.12"]
[Round "9.1"]
[White "Khenkin, Igor"]
[Black "Berelovich, Alexander"]
[Result "1-0"]
[BlackElo "2546"]
[EventDate "2003.01.12"]
[PlyCount "79"]
[WhiteElo "2624"]

1. d4 e6 2. c4 f5 3. g3 Nf6 4. Bg2 Bb4+ 5. Nd2 O-O 6. Nf3 d6 7. O-O Bxd2 8. Bxd2 Qe7 9. Qb3 Nc6 10. d5 Nd8 11. Rac1 a5 12. Bg5 a4 13. Qe3 h6 14. Bxf6 Qxf6 15. Nd4 e5 16. Nb5 f4 17. Qa3 Bg4 18. f3 Bd7 19. Nxc7 Rc8 20. Nb5 Bxb5 21. cxb5 Nf7 22. Rxc8 Rxc8 23. Qxa4 fxg3 24. hxg3 Qg6 25. Qg4 Qxg4 26. fxg4 Rc2 27. Rb1 Kf8 28. Kf2 Ke7 29. a4 b6 30. b4 Ra2 31. a5 bxa5 32. b6 Nd8 33. bxa5 Nb7 34. Rc1 Nxa5 35. Rc7+ Kd8 36. Ra7 Kc8 37. Be4 Kb8 38. Bd3 Ra1 39. Rxg7 Nb3 40. Bb5  1-0

[Event "Plauen - Bremen"]
[Site "BL 0203"]
[Date "2003.02.09"]
[Round "11.3"]
[White "Schandorff, Lars"]
[Black "Kindermann, Stefan"]
[Result "1/2-1/2"]
[BlackElo "2519"]
[EventDate "2003.??.??"]
[PlyCount "42"]
[WhiteElo "2546"]

1. d4 f5 2. Nc3 Nf6 3. Bg5 d5 4. Qd2 e6 5. f3 Nc6 6. e4 dxe4 7. Bb5 Bb4 8. fxe4 Nxe4 9. Bxd8 Nxd2 10. Bxc7 Ne4 11. Ne2 Bd7 12. O-O Bxc3 13. bxc3 Rc8 14. Bf4 Ne7 15. Bd3 Nxc3 16. Nxc3 Rxc3 17. Rfb1 Rxd3 18. cxd3 Bc6 19. Be5 Kf7 20. Rc1 Rd8 21. Rab1 Rd7  1/2-1/2

[Event "Kreuzberg - Baden Oos"]
[Site "BL 0203"]
[Date "2003.02.09"]
[Round "11.7"]
[White "Schmaltz, Roland"]
[Black "Muse, Drazen"]
[Result "1-0"]
[BlackElo "2442"]
[EventDate "2003.??.??"]
[PlyCount "85"]
[WhiteElo "2529"]

1. e4 c5 2. Nf3 d6 3. d4 cxd4 4. Nxd4 Nf6 5. Nc3 g6 6. Be2 Bg7 7. O-O O-O 8. Re1 Nc6 9. Nb3 b6 10. Bf1 Bb7 11. Bg5 Nd7 12. Qc1 Re8 13. Nd5 Qb8 14. Bb5 f6 15. Be3 e6 16. Nf4 Nde5 17. Be2 Nf7 18. Qd2 Qc7 19. f3 Rad8 20. c4 Nfe5 21. Rac1 Qf7 22. Red1 Kh8 23. Nh3 Qc7 24. Nf2 Nf7 25. Nd4 Nxd4 26. Bxd4 e5 27. Be3 f5 28. Qd3 Qc8 29. b4 f4 30. Bd2 Ng5 31. Qa3 Qa8 32. Bc3 Ne6 33. Qb2 g5 34. Rd3 h5 35. Rcd1 Nd4 36. Rxd4 exd4 37. Bxd4 Re7 38. Bxg7+ Rxg7 39. Qf6 Rd7 40. Qh6+ Kg8 41. Qxh5 a5 42. Ng4 Qd8 43. Qh6  1-0

[Event "Luebeck - Baden Oos"]
[Site "BL 0203"]
[Date "2003.03.08"]
[Round "12.3"]
[White "Dautov, Rustem"]
[Black "Shirov, Alexei"]
[Result "1-0"]
[BlackElo "2699"]
[EventDate "2003.??.??"]
[PlyCount "105"]
[WhiteElo "2617"]

1. d4 Nf6 2. c4 g6 3. g3 Bg7 4. Bg2 O-O 5. Nc3 d6 6. Nf3 Nc6 7. O-O a6 8. Qd3 Bd7 9. d5 Nb4 10. Qd1 a5 11. e4 e5 12. Ne1 c6 13. dxc6 Bxc6 14. Be3 b6 15. Nd3 Na6 16. Qe2 Qb8 17. Rfd1 Qb7 18. f3 Rfd8 19. Rd2 Nc5 20. Rad1 Qe7 21. Bh3 Qf8 22. b3 h5 23. Qf2 Rab8 24. Bg5 Ne6 25. Bxe6 fxe6 26. Nb2 Rd7 27. Kg2 Rbb7 28. h3 Qb8 29. Rd3 Ne8 30. Nba4 Rf7 31. Be3 b5 32. cxb5 Bxb5 33. Nxb5 Rxb5 34. Qc2 Kh7 35. Qc4 d5 36. exd5 Nd6 37. Qc2 e4 38. fxe4 Nxe4 39. d6 Qb7 40. Kg1 Rf3 41. Qc7 Rxg3+ 42. Kh2 Qa8 43. Bd4 e5 44. d7 Qf8 45. Rxg3 Qf4 46. Rd3 Nxg3 47. d8=Q Ne2+ 48. Kg2 Qe4+ 49. Rf3 Nf4+ 50. Kg3 Rd5 51. Qde7 h4+ 52. Kh2 Nh5 53. Rf7  1-0

[Event "Hamburg - Stuttgart"]
[Site "BL 0203"]
[Date "2003.03.08"]
[Round "12.3"]
[White "Golubev, Mihail"]
[Black "Berg, Emanuel"]
[Result "1/2-1/2"]
[BlackElo "2535"]
[EventDate "2003.??.??"]
[PlyCount "58"]
[WhiteElo "2528"]

1. e4 e6 2. d4 d5 3. Nc3 Bb4 4. Ne2 Ne7 5. a3 Ba5 6. b4 Bb6 7. e5 c6 8. g3 Nd7 9. Bg2 a5 10. Rb1 O-O 11. O-O Nf5 12. Bh3 axb4 13. axb4 f6 14. Bxf5 exf5 15. e6 Ne5 16. dxe5 fxe5 17. Re1 d4 18. e7 Qxe7 19. b5 dxc3 20. Nf4 Qc7 21. bxc6 Bd4 22. Nd5 Qd6 23. Bf4 Qc5 24. Bxe5 Bxf2+ 25. Kh1 bxc6 26. Nb6 Bxe1 27. Bd6 Qf2 28. Qxe1 Qf3+ 29. Kg1 f4  { Remis wegen Uhrenausfall}   1/2-1/2

[Event "Hamburg - Stuttgart"]
[Site "BL 0203"]
[Date "2003.03.08"]
[Round "12.6"]
[White "Mueller, Karsten Dr"]
[Black "Bunzmann, Dimitri"]
[Result "1/2-1/2"]
[BlackElo "2498"]
[EventDate "2003.??.??"]
[PlyCount "85"]
[WhiteElo "2518"]

1. e4 e6 2. d4 d5 3. Nc3 Bb4 4. exd5 exd5 5. Bd3 Nc6 6. a3 Ba5 7. Ne2 Nge7 8. O-O O-O 9. Bg5 h6 10. Bh4 Be6 11. Na4 Bb6 12. c3 Qd7 13. Nf4 Bf5 14. Re1 Rfe8 15. Bb5 Ng6 16. Nxg6 Rxe1+ 17. Qxe1 Bxg6 18. Qd2 Re8 19. Bg3 a6 20. Nxb6 cxb6 21. Bf1 Na5 22. Re1 Nc4 23. Rxe8+ Qxe8 24. Bxc4 dxc4 25. d5 Qe4 26. f3 Qd3 27. Bf4 Kf8 28. Bd6+ Kg8 29. Qxd3 cxd3 30. Kf2 b5 31. Bc5 f6 32. d6 Bf5 33. g4 Bd7 34. Ke3 f5 35. h3 fxg4 36. hxg4 g6 37. Kxd3 Kf7 38. Be3 Bc6 39. Ke2 h5 40. gxh5 gxh5 41. Bg5 Ke6 42. Be7 h4 43. Bxh4  1/2-1/2

[Event "Kreuzberg - Emsdetten"]
[Site "BL 0203"]
[Date "2003.03.08"]
[Round "12.5"]
[White "Zumsande, Martin"]
[Black "Maiwald, Jens-Uwe"]
[Result "1/2-1/2"]
[BlackElo "2516"]
[EventDate "2003.??.??"]
[PlyCount "90"]
[WhiteElo "2374"]

1. e4 c5 2. c3 e6 3. d4 d5 4. exd5 exd5 5. Nf3 Nc6 6. Bb5 Bd6 7. dxc5 Bxc5 8. O-O Ne7 9. Nbd2 O-O 10. Nb3 Bd6 11. Bd3 h6 12. h3 Nf5 13. Re1 Bc7 14. Bc2 Qd6 15. Be3 Ne5 16. Nbd2 Ng6 17. Nf1 Bd7 18. Bxf5 Bxf5 19. Nd4 Bd7 20. Qh5 Rfe8 21. Bd2 Bb6 22. Ng3 Bc7 23. Rad1 Rad8 24. Bc1 Re5 25. Rxe5 Qxe5 26. Qxe5 Bxe5 27. Nf3 Bxg3 28. fxg3 Bb5 29. Kf2 f6 30. Bf4 Kf7 31. Re1 Ne7 32. Nd4 Bc6 33. g4 Ng6 34. Bg3 Re8 35. Rxe8 Kxe8 36. Nf5 Kf7 37. Ke3 Ne7 38. Nd4 Bd7 39. b4 f5 40. gxf5 Nxf5+ 41. Nxf5 Bxf5 42. Bb8 a6 43. h4 h5 44. Kd4 Ke6 45. Kc5 Kd7  1/2-1/2

[Event "Kreuzberg - Emsdetten"]
[Site "BL 0203"]
[Date "2003.03.08"]
[Round "12.7"]
[White "van Beek, Lucien"]
[Black "Volke, Karsten"]
[Result "0-1"]
[BlackElo "2457"]
[EventDate "2003.??.??"]
[PlyCount "76"]
[WhiteElo "2341"]

1. d4 Nf6 2. c4 e6 3. Nc3 Bb4 4. e3 O-O 5. Ne2 Re8 6. a3 Bf8 7. d5 a5 8. Ng3 Na6 9. Bd3 c6 10. O-O cxd5 11. cxd5 exd5 12. Bb1 Nc7 13. Ba2 Ra6 14. Qd3 Re5 15. Rd1 Rc6 16. f4 Re8 17. Nxd5 Ncxd5 18. Bxd5 Nxd5 19. Qxd5 Rd6 20. Qb3 Rxd1+ 21. Qxd1 Bc5 22. Qd5 d6 23. Ne4 Qe7 24. Nxc5 dxc5 25. b4 Rd8 26. Qf3 cxb4 27. axb4 Qxb4 28. Ba3 Qc3 29. Qf1 b5 30. Qc1 Qxc1+ 31. Rxc1 b4 32. Bb2 Be6 33. Bd4 a4 34. Rc7 a3 35. Ra7 h5 36. Kf2 Rxd4 37. exd4 a2 38. f5 Bd5  0-1

[Event "Neukoelln - Tegernsee"]
[Site "BL 0203"]
[Date "2003.03.29"]
[Round "14.6"]
[White "Poldauf, Dirk"]
[Black "Hertneck, Gerald"]
[Result "0-1"]
[BlackElo "2502"]
[EventDate "2003.??.??"]
[PlyCount "76"]
[WhiteElo "2410"]

1. c4 b6 2. Nc3 Bb7 3. e4 e6 4. Nge2 Nf6 5. d3 d5 6. cxd5 exd5 7. e5 Nfd7 8. d4 c5 9. f4 Nc6 10. Be3 Na5 11. Ng3 h5 12. h4 Rc8 13. Be2 cxd4 14. Bxd4 Nc6 15. e6 Nc5 16. exf7+ Kxf7 17. Bxh5+ Kg8 18. Bf3 Nxd4 19. Qxd4 Ne4 20. Bxe4 dxe4 21. O-O-O Qxd4 22. Rxd4 e3 23. Nf5 Rh5 24. Nxe3 Bc5 25. Rd3 Ba6 26. Kd2 Bxd3 27. Kxd3 Rd8+ 28. Ke2 Re8 29. Nd1 Rd5 30. Kf3 Rd2 31. Nc4 Rd3+ 32. Kg4 Re2 33. Ne5 Rxg2+ 34. Kf5 Rd6 35. Nc3 g6+ 36. Ke4 Rxb2 37. Nd5 Re2+ 38. Kd3 Rxe5  0-1

[Event "Wattenscheid - Plauen"]
[Site "BL 0203"]
[Date "2003.03.30"]
[Round "15.4"]
[White "Handke, Florian"]
[Black "Gdanski, Jacek"]
[Result "0-1"]
[BlackElo "2506"]
[EventDate "2003.??.??"]
[PlyCount "76"]
[WhiteElo "2504"]

1. e4 e6 2. d4 d5 3. Nd2 c5 4. exd5 exd5 5. Ngf3 Nc6 6. Bb5 Bd6 7. dxc5 Bxc5 8. O-O Ne7 9. Nb3 Bd6 10. Re1 O-O 11. Bg5 Qc7 12. h3 h6 13. Be3 Bf5 14. c3 Be4 15. Bc5 Rad8 16. Nfd4 Bxc5 17. Nxc5 Nxd4 18. cxd4 Nf5 19. Rc1 Qb6 20. Bf1 Nd6 21. Qd2 a5 22. Re3 Qa7 23. f3 Bg6 24. Re7 Rfe8 25. Rce1 Qb6 26. R1e5 Rxe7 27. Rxe7 Kh7 28. b3 Qc6 29. Qxa5 b6 30. Qa4 Qc8 31. Nd3 Nf5 32. Re5 Ng3 33. Nf4 Qc1 34. Nxg6 fxg6 35. Qb5 Rc8 36. Kf2 Qf4 37. Kg1 Qxd4+ 38. Kh2 Nxf1+  0-1

[Event "Wattenscheid - Plauen"]
[Site "BL 0203"]
[Date "2003.03.30"]
[Round "15.6"]
[White "Dinstuhl, Volkmar Dr"]
[Black "Brendel, Oliver"]
[Result "1/2-1/2"]
[BlackElo "2378"]
[EventDate "2003.??.??"]
[PlyCount "94"]
[WhiteElo "2416"]

1. d4 Nf6 2. c4 g6 3. Nc3 d5 4. Bf4 Bg7 5. e3 c5 6. dxc5 Qa5 7. Rc1 dxc4 8. Bxc4 O-O 9. Ne2 Qxc5 10. Qb3 Qh5 11. Nb5 Na6 12. Ng3 Qh4 13. Nd4 Nd7 14. Nf3 Qf6 15. Rc2 Qb6 16. O-O Qxb3 17. Bxb3 Ndc5 18. Bc4 Nb4 19. Rd2 Be6 20. Bxe6 Nxe6 21. Be5 Rfd8 22. Rxd8+ Rxd8 23. Bxg7 Kxg7 24. a3 Nd3 25. Rb1 Rc8 26. Ne1 Nxe1 27. Rxe1 Rc2 28. Re2 Rc1+ 29. Nf1 Nc5 30. Rd2 Rb1 31. g3 a5 32. Kg2 Kf6 33. Rd5 b6 34. Nd2 Rxb2 35. Nc4 Ra2 36. Nxb6 Ne4 37. Kf3 Ng5+ 38. Kg2 Rxa3 39. Nc4 Rc3 40. Nxa5 Rc2 41. Rd4 e5 42. Rb4 h5 43. h4 Ne6 44. Nc4 Rc1 45. Nd2 Nc5 46. Rb6+ Kg7 47. Rc6 Nb3  1/2-1/2

[Event "BL 0304 SG Köln Porz - SC Kreuzberg"]
[Site "?"]
[Date "2003.11.22"]
[Round "3.4"]
[White "Graf, Alexander"]
[Black "Tischbierek, Raj"]
[Result "1-0"]
[BlackElo "2519"]
[EventDate "2003.??.??"]
[PlyCount "47"]
[SourceDate "2003.11.22"]
[WhiteElo "2646"]

1. d4 Nf6 2. c4 e6 3. Nc3 Bb4 4. e3 O-O 5. Ne2 d5 6. a3 Bd6 7. Ng3 c5 8. dxc5 Bxc5 9. b4 Bb6 10. Na4 Bc7 11. Bb2 Nc6 12. Qb3 Ng4 13. Be2 Qh4 14. Bxg4 Qxg4 15. cxd5 exd5 16. Qxd5 a5 17. O-O Be6 18. Qc5 Rad8 19. f3 Qh4 20. f4 f6 21. b5 Rd5 22. Qc4 Rfd8 23. bxc6 b5 24. Qe4  1-0

[Event "BL 0304 TV Tegernsee - Stuttgarter Sfr"]
[Site "?"]
[Date "2003.11.23"]
[Round "4.2"]
[White "Bischoff, Klaus"]
[Black "Berezovsky, Igor"]
[Result "1-0"]
[BlackElo "2444"]
[EventDate "2003.??.??"]
[PlyCount "89"]
[WhiteElo "2564"]

1. c4 f5 2. b3 e5 3. Bb2 Nc6 4. g3 d5 5. cxd5 Qxd5 6. Nf3 e4 7. Nh4 Qf7 8. e3 Be6 9. Bb5 Ne7 10. f3 a6 11. Be2 O-O-O 12. O-O Ng6 13. fxe4 Nxh4 14. gxh4 Qg6+ 15. Kh1 fxe4 16. Nc3 Bc5 17. Qe1 Nb4 18. Rc1 Nd3 19. Bxd3 exd3 20. Rg1 Qh5 21. Rg5 Qf3+ 22. Kg1 Bb6 23. Na4 Kb8 24. Nxb6 cxb6 25. Qg3+ Qxg3+ 26. Rxg3 Rc8 27. Rxc8+ Rxc8 28. e4 Rc2 29. Be5+ Ka7 30. Rxd3 Rxa2 31. Kf2 Ra3 32. Bxg7 Rxb3 33. Rxb3 Bxb3 34. d4 Kb8 35. Ke3 Kc7 36. d5 b5 37. Kd4 b4 38. e5 a5 39. e6 b6 40. Ke5 Bxd5 41. Kxd5 b3 42. Be5+ Kd8 43. Kc6 Ke7 44. Kxb6 Kxe6 45. Bb2  1-0

[Event "BL 0304 SF Katernberg - SK König Plauen"]
[Site "?"]
[Date "2003.12.14"]
[Round "6.6"]
[White "Senff, Martin"]
[Black "Dirr, Ulrich"]
[Result "1-0"]
[BlackElo "2299"]
[EventDate "2003.??.??"]
[PlyCount "61"]
[WhiteElo "2446"]

1. e4 e6 2. d4 d5 3. Nc3 Bb4 4. Ne2 Nc6 5. a3 Bxc3+ 6. Nxc3 dxe4 7. d5 exd5 8. Qxd5 Nge7 9. Qxd8+ Nxd8 10. Nxe4 Bf5 11. Bd3 Ne6 12. Bd2 O-O-O 13. O-O-O Bg6 14. Rhe1 Nf5 15. Ng5 Nxg5 16. Bxg5 Rde8 17. f3 f6 18. Bf4 Nh4 19. Bf1 Bf7 20. Bg3 Nf5 21. Bf2 a6 22. Bd3 Bg6 23. Bc4 Rxe1 24. Rxe1 Nd6 25. Be6+ Kb8 26. Bd7 Rf8 27. Bc5 b6 28. Bxd6 cxd6 29. Re7 Rf7 30. Re8+ Kb7 31. Be6  1-0

[Event "BL 0304 Stuttgarter Sfr - SV Werder Bre"]
[Site "?"]
[Date "2003.12.14"]
[Round "6.2"]
[White "Berezovsky, Igor"]
[Black "Hracek, Zbynek"]
[Result "1-0"]
[BlackElo "2578"]
[EventDate "2003.??.??"]
[PlyCount "93"]
[WhiteElo "2444"]

1. d4 Nf6 2. c4 e6 3. Nc3 Bb4 4. e3 O-O 5. Ne2 d5 6. a3 Be7 7. cxd5 exd5 8. g3 c6 9. Bg2 Na6 10. O-O Nc7 11. Bd2 Bf5 12. f3 Qd7 13. g4 Bd3 14. Be1 Bc4 15. b3 Ba6 16. Bg3 Nb5 17. Nxb5 Bxb5 18. Re1 Bxe2 19. Qxe2 Bd6 20. Bh4 Ne8 21. Qc2 Nc7 22. Bf1 Rfe8 23. Bd3 g6 24. Qf2 a6 25. h3 Be7 26. Bg3 Bd6 27. Bh4 Be7 28. Bg3 Nb5 29. a4 Nc7 30. Re2 Bd6 31. Bh4 c5 32. dxc5 Bxc5 33. Rc1 Ne6 34. f4 Bb6 35. a5 Ba7 36. b4 Qd6 37. Rf1 Nxf4 38. Qxf4 Qxf4 39. Rxf4 Rxe3 40. Bf2 Rg3+ 41. Kh2 Bxf2 42. Bc2 Rc8 43. Rexf2 Rcc3 44. h4 Rh3+ 45. Kg2 Rxh4 46. Bd1 Rch3 47. Bf3  1-0

[Event "BL 0304 Stuttgarter Sfr - SV Werder Bre"]
[Site "?"]
[Date "2003.12.14"]
[Round "6.4"]
[White "Papa, Severin"]
[Black "Pelletier, Yannick"]
[Result "0-1"]
[BlackElo "2604"]
[EventDate "2003.??.??"]
[PlyCount "66"]
[WhiteElo "2401"]

1. e4 c5 2. Nf3 e6 3. b3 d6 4. Bb2 Nd7 5. d4 cxd4 6. Nxd4 Ngf6 7. Nd2 a6 8. g3 b6 9. Bg2 Bb7 10. O-O Qc7 11. c4 Be7 12. Qe2 O-O 13. f4 Rfe8 14. Rac1 Bf8 15. Nc2 e5 16. Ne3 b5 17. cxb5 Qb6 18. Nc4 Qxb5 19. fxe5 dxe5 20. Ng4 Nxg4 21. Qxg4 Rad8 22. Kh1 Bc8 23. Qf3 f6 24. Ne3 Nb6 25. Rfd1 Qa5 26. a3 Be6 27. b4 Qa4 28. Nd5 Nxd5 29. exd5 Bf7 30. Qd3 a5 31. b5 e4 32. Qd4 Qxb5 33. a4 Qxd5  0-1

[Event "BL 0304 TV Tegernsee - SC Kreuzberg"]
[Site "?"]
[Date "2004.02.15"]
[Round "8.6"]
[White "Beim, Valery"]
[Black "Volke, Karsten"]
[Result "1/2-1/2"]
[BlackElo "2467"]
[EventDate "2004.??.??"]
[PlyCount "42"]
[WhiteElo "2518"]

1. c4 e5 2. g3 Nf6 3. Bg2 c6 4. d4 Bb4+ 5. Bd2 Bxd2+ 6. Qxd2 d6 7. Nc3 O-O 8. e3 Be6 9. b3 exd4 10. Qxd4 Qa5 11. Ne2 d5 12. cxd5 Nxd5 13. Qa4 Qxa4 14. Nxa4 Nf6 15. Nc5 Bc8 16. Nd4 Nbd7 17. Rc1 Nxc5 18. Rxc5 a5 19. O-O g6 20. h3 Rd8 21. Rb1 Nd7  1/2-1/2

[Event "BL 0304 SG Köln Porz - SV Hofheim"]
[Site "?"]
[Date "2004.02.15"]
[Round "9.8"]
[White "Van den Doel, Erik"]
[Black "Haubt, Georg"]
[Result "1/2-1/2"]
[BlackElo "2283"]
[EventDate "2004.??.??"]
[PlyCount "117"]
[WhiteElo "2609"]

1. e4 e5 2. Nf3 Nc6 3. Bb5 a6 4. Ba4 f5 5. d4 exd4 6. Nxd4 Nxd4 7. Qxd4 c5 8. Qe5+ Qe7 9. Qxe7+ Bxe7 10. c4 fxe4 11. Nc3 Nf6 12. Bg5 O-O 13. O-O-O d5 14. cxd5 Bg4 15. Rde1 Bf5 16. Bf4 Ng4 17. Re2 Bg6 18. g3 Bf6 19. Bd7 Bxc3 20. bxc3 Bf5 21. Ba4 b5 22. Bc2 Rad8 23. Rd2 Rfe8 24. d6 e3 25. fxe3 Bxc2 26. Kxc2 Nxe3+ 27. Kb1 Nc4 28. Rd5 Rd7 29. Rxc5 h6 30. h4 Kf7 31. Rc7 Rd8 32. Re1 Kf6 33. Rc6 g5 34. Bc1 Rxd6 35. Rxd6+ Rxd6 36. Kc2 Kg6 37. hxg5 hxg5 38. g4 a5 39. Re8 Rd5 40. Re6+ Kf7 41. Re4 a4 42. Be3 Nxe3+ 43. Rxe3 Kf6 44. Re4 Rd8 45. a3 Rd5 46. Re3 Rd8 47. Rf3+ Ke6 48. Re3+ Kf6 49. Re1 Rd5 50. Re8 Kf7 51. Rc8 Ke6 52. c4 Rd4 53. cxb5 Kd7 54. Rc5 Rxg4 55. Kc3 Kd6 56. Rc6+ Kd7 57. Rg6 Kc7 58. Rc6+ Kb7 59. Rg6  1/2-1/2

[Event "BL 0304 SF Katernberg - SCA St Ingbert"]
[Site "?"]
[Date "2004.02.15"]
[Round "9.2"]
[White "Chuchelov, Vladimir"]
[Black "Lazarev, Vladimir"]
[Result "1-0"]
[BlackElo "2526"]
[EventDate "2004.??.??"]
[PlyCount "95"]
[WhiteElo "2603"]

1. d4 Nf6 2. c4 e6 3. Nc3 Bb4 4. e3 d5 5. Ne2 O-O 6. cxd5 Nxd5 7. a3 Be7 8. Qc2 Nd7 9. Bd2 Re8 10. Rd1 Bf8 11. g3 b6 12. Bg2 Bb7 13. Nxd5 exd5 14. O-O a5 15. Rc1 c6 16. Rfd1 a4 17. Nc3 b5 18. e4 c5 19. exd5 cxd4 20. Nxb5 Qb6 21. Nc7 Rac8 22. Bf4 Red8 23. Qxa4 Qxb2 24. Rb1 Qe2 25. Re1 Qh5 26. Rxb7 Nc5 27. Qb5 Nxb7 28. Qxb7 d3 29. d6 Bxd6 30. Bf3 Qc5 31. Bxd6 Qxd6 32. Nd5 d2 33. Rd1 Rc1 34. Qb3 Qc5 35. Ne3 Rc3 36. Qb4 Qe5 37. Kg2 h5 38. h4 Rb8 39. Qa4 Qd6 40. Qa5 Rxa3 41. Qxd2 Qxd2 42. Rxd2 g6 43. Rd7 Rf8 44. Bd5 Kg7 45. Nc4 Ra6 46. Nd6 Ra5 47. Bxf7 Kh6 48. Bc4  1-0

[Event "BL 0304 SFR Neukölln - SV Wattenscheid"]
[Site "?"]
[Date "2004.03.08"]
[Round "11.6"]
[White "Thiede, Lars"]
[Black "Ellers, Holger"]
[Result "0-1"]
[BlackElo "2402"]
[EventDate "2004.??.??"]
[PlyCount "126"]
[WhiteElo "2440"]

1. g3 d5 2. Bg2 g6 3. Nf3 Bg7 4. O-O Nf6 5. b3 O-O 6. Bb2 c5 7. c4 d4 8. b4 Nfd7 9. d3 Nc6 10. bxc5 Nxc5 11. Ba3 Qa5 12. Nfd2 Na4 13. Nb3 Qh5 14. Qc2 Bh3 15. Bxh3 Qxh3 16. N3d2 Nb6 17. Nf3 Nd7 18. Nbd2 Rab8 19. Rfb1 Rfe8 20. Rb5 a6 21. Rb2 Rec8 22. Rab1 b6 23. Qa4 Ra8 24. Qd1 Rab8 25. Qb3 Bh6 26. Ne4 Qf5 27. Qd1 Qa5 28. Rb3 Bg7 29. Qd2 Qf5 30. Kg2 h6 31. Qd1 Qe6 32. Ned2 f5 33. R3b2 g5 34. h3 Kh7 35. Rc2 Qg6 36. Rcb2 Bf6 37. Qc2 h5 38. Rh1 b5 39. Rhb1 h4 40. Ng1 g4 41. hxg4 Qxg4 42. Ngf3 hxg3 43. Rh1+ Kg7 44. Rbb1 Nce5 45. Rbg1 Rh8 46. cxb5 Rxh1 47. Rxh1 gxf2+ 48. Kxf2 Qf4 49. Rg1+ Ng4+ 50. Ke1 Rxb5 51. Bc1 Ne5 52. Kd1 Nxf3 53. Nxf3 Qd6 54. Qd2 Kf7 55. Qc2 Qb4 56. Qc4+ Qxc4 57. dxc4 Rc5 58. Bg5 Rxc4 59. Kd2 Ra4 60. Ra1 e5 61. a3 e4 62. Bxf6 Kxf6 63. Ne1 Ne3  0-1

[Event "BL 0304 Stuttgarter Sfr - SV Hofheim"]
[Site "?"]
[Date "2004.03.08"]
[Round "11.6"]
[White "Heinatz, Thomas"]
[Black "Rechel, Bernd"]
[Result "0-1"]
[BlackElo "2420"]
[EventDate "2004.??.??"]
[PlyCount "68"]
[WhiteElo "2332"]

1. e4 c5 2. Nf3 d6 3. Bb5+ Nd7 4. c3 Nf6 5. Qe2 a6 6. Ba4 e5 7. O-O Be7 8. d4 O-O 9. dxe5 dxe5 10. c4 Nb6 11. Bc2 Bg4 12. b3 Nbd7 13. Rd1 Qc7 14. Nc3 Nb8 15. Nd5 Nxd5 16. exd5 f5 17. h3 Bxf3 18. Qxf3 e4 19. Bf4 Bd6 20. Bxd6 Qxd6 21. Qe3 Nd7 22. f4 b5 23. cxb5 axb5 24. a4 Nb6 25. b4 cxb4 26. axb5 Rxa1 27. Rxa1 Rc8 28. Ra6 Rxc2 29. Rxb6 Qc5 30. Qxc5 Rxc5 31. d6 Kf7 32. d7 Ke7 33. Rd6 Kd8 34. b6 Rb5  0-1